Tarçınlı Kuskus / (Record no. 14432)

MARC details
000 -BAŞLIK
Sabit Uzunlukta Kontrol Alanı 00637nam a22002177a 4500
999 ## - SİSTEM KONTROL NUMARALARI (KOHA)
Koha Biblionumber 14432
Koha Biblioitemnumber 14432
003 - KONTROL NUMARASI IDENTIFIER
Denetim Alanı TR-AnCHP
005 - SON İŞLEM TARİHİ VE ZAMANI
Denetim Alanı 20210621163325.0
008 - SABİT-BOY VERİ ELEMANLARI - GENEL BİLGİLER
Sabit Uzunlukta Kontrol Alanı 210621b tu ||||| |||| 00| 0 tur d
020 ## - ULUSLARARASI STANDART KİTAP NUMARASI
Uluslararası Standart Kitap Numarası 9786057017840
040 ## - KATALOGLAMA KAYNAK
Orijinal Kataloglama Ajansı TR-AnCHP
Metne Dönüştürmek Ajansı TR-AnCHP
041 1# - DİL KODU
Metin / Ses Parça Veya Ayrı Başlığın Dil Kodu tur
082 04 - DEWEY ONLU SINIFLANDIRMA NUMARASI
Sınıflandırma Numarası 833.91
Ürün Numarası K63t 2021
100 ## - ANA GİRİŞ - KİŞİSEL İSİM
Kişisel Ad Koester, Elsa
245 10 - BAŞLIK TABLOSU
Başlık Tarçınlı Kuskus /
Sorumluluk Tablosu, Vb Elsa Koester ; çeviri Gülderen Pamir.
260 ## - YAYIN, DAĞITIM, VB
Yayın, Dağıtım, Vb Yeri İstanbul :
Yayıncı, Dağıtıcı, Vs Adı İlksatır Yayınları,
Yayın, Dağıtım, Vb Tarihi 2021.
300 ## - FİZİKSEL TANIM
Kapsam 404 s. :
Boyutlar 21 sm.
490 0# - SERİSİ TABLOSU
Seri Beyanı İlksatır Yayınevi ;
Hacim / Ardışık Tanımı 14.
650 #0 - KONU KATMA GİRİŞ - TOPİKAL DÖNEM
Topikal Süreli Veya Coğrafi Ad Giriş Elemanı Alman edebiyatı
9 (RLIN) 26
Genel Alt Bölümü Roman
700 ## - KATMA GİRİŞ - KİŞİSEL İSİM
Kişisel Ad Pamir, Gülderen
9 (RLIN) 6718
Relator Terim çev.
942 ## - EKLENDİ GİRİŞ ELEMANLARI (KOHA)
Sınıflandırma Veya Raf Düzeni Kaynak Dewey Decimal Classification
Koha Öğesi Türü Books
Holdings
Kalıcı Konum Mevcut Konum Edinme Tarihi Toplam Check-Out'Lar Tam Çağrı Numarası Barkod Tarih Son Görülme İtibaren Geçerli Fiyatlar Sigara Kamu Notu Koha Öğesi Türü
CHP Kütüphanesi CHP Kütüphanesi 06/21/2021   833.914 K63t 2021 019919 06/21/2021 06/21/2021 İlksatır Yayınevi Bağışıdır. Books